A manual of the slide rule; (Record no. 543638)

000 -LEADER
fixed length control field 00529cam a22001571 4500
082 ## - DEWEY DECIMAL CLASSIFICATION NUMBER
Classification number 510.28
Author Mark THO
100 1# - MAIN ENTRY--PERSONAL NAME
Personal name Thompson, James Edgar,
9 (RLIN) 39074
245 02 - TITLE STATEMENT
Title A manual of the slide rule;
Remainder of title its history, principle and operation,
Statement of responsibility, etc. by J. E. Thompson...
260 ## - PUBLICATION, DISTRIBUTION, ETC.
Place of publication, distribution, etc. New York,
Name of publisher, distributor, etc. D. Van Nostrand company, inc.
Date of publication, distribution, etc. 1930.
300 ## - PHYSICAL DESCRIPTION
Extent vii, 220 p.
Other physical details illus., diagrs.
Dimensions 20 cm.
490 0# - SERIES STATEMENT
Series statement Mathematics for self-study
526 ## - STUDY PROGRAM INFORMATION NOTE
Program name 0
Interest level 0
Reading level 0
Title point value 510_280000000000000_THO
650 #0 - SUBJECT ADDED ENTRY--TOPICAL TERM
Topical term or geographic name entry element MCE
9 (RLIN) 379
650 #0 - SUBJECT ADDED ENTRY--TOPICAL TERM
Topical term or geographic name entry element Slide-rule.
9 (RLIN) 39075
942 ## - ADDED ENTRY ELEMENTS (KOHA)
Source of classification or shelving scheme
Koha item type Book
Holdings
Withdrawn status Lost status Source of classification or shelving scheme Damaged status Not for loan Permanent Location Current Location Date acquired Total Checkouts Full call number Barcode Date last seen Price effective from Koha item type
          Military College of Engineering (MCE) Military College of Engineering (MCE) 03/28/2014   510.28 THO MCE-29429 03/28/2014 03/28/2014 Book
© 2023 Central Library, National University of Sciences and Technology. All Rights Reserved.